Online Catalogue and eLibrary

The Oppressive present : (Record no. 231)

MARC details
000 -LEADER
fixed length control field 00682cam a2200217 a 4500
001 - CONTROL NUMBER
control field 1574982
005 - DATE AND TIME OF LATEST TRANSACTION
control field 20240130035747.0
008 - FIXED-LENGTH DATA ELEMENTS--GENERAL INFORMATION
fixed length control field 920731s1992 ii b 001 0 eng
020 ## - INTERNATIONAL STANDARD BOOK NUMBER
ISBN 0195627970
040 ## - CATALOGING SOURCE (பட்டியலாக்க மூலம்)
Original cataloging agency DLC
Transcribing agency DLC
Modifying agency DLC
082 ## - DDC Classification
DDC Edition Number 22
Class No. 306
Item Number - Author Mark SUD.
100 0# - MAIN ENTRY--PERSONAL NAME
Personal name Sudhir Chandra,
245 14 - TITLE STATEMENT
Title The Oppressive present :
Remainder of title literature and social consciousness in colonial India /
Statement of responsibility, etc. Sudhir Chandra.
260 ## - PUBLICATION, DISTRIBUTION, ETC.
Place of publication, distribution, etc. Delhi :
Name of publisher, distributor, etc. Oxford University Press,
Date of publication, distribution, etc. 1992.
300 ## - PHYSICAL DESCRIPTION
Extent (e.g. Volumes, Pages etc.) xi, 192 p. ;
500 ## - GENERAL NOTE
General note Includes index.
650 #0 - SUBJECT ADDED ENTRY--TOPICAL TERM
Topical term or geographic name entry element Indic literature
650 #0 - SUBJECT ADDED ENTRY--TOPICAL TERM
Topical term or geographic name entry element Social problems in literature.
856 42 - ELECTRONIC LOCATION AND ACCESS
Uniform Resource Identifier <a href="http://www.loc.gov/catdir/enhancements/fy0636/92902354-d.html">http://www.loc.gov/catdir/enhancements/fy0636/92902354-d.html</a>
942 ## - Koha item type (Biblio)
Koha item type Books in Stacks (Lending)
Holdings
Lost status Damaged status Collection code Home library Current library Date acquired Full call number Accession Number Item type
    Lending WERC Library WERC Library 01/30/2024 306 SUD. 1264 Books in Stacks (Lending)

© WERC Library